书目信息 |
| 题名: |
列宁论苏维埃俄国社会主义经济建设
|
|
| 作者: | ||
| 分册: | ||
| 出版信息: | 北京 1979 |
|
| 页数: | 294 | |
| 开本: | 20cm | |
| 丛书名: | ||
| 单 册: | ||
| 中图分类: | A73 | |
| 科图分类: | ||
| 主题词: | 列宁--生平事迹 , 列宁--传记 | |
| 电子资源: | ||
| ISBN: | ||
| 000 | 00487nam0 2200181 450 | |
| 001 | 0735257515 | |
| 005 | 20070904094737.51 | |
| 010 | @d0.65 | |
| 100 | @a20070904d km y0chiy0120 ea | |
| 101 | 0 | @achi |
| 200 | 1 | @a列宁论苏维埃俄国社会主义经济建设@Alie ning lun su wei ai e guo she hui zhu yi jing ji jian she |
| 210 | @a北京@d1979 | |
| 215 | @a294@d20cm | |
| 606 | 0 | @a列宁@x生平事迹 |
| 606 | 0 | @a列宁@x传记 |
| 690 | @aA73@v3 | |
| 801 | 0 | @aCN@bPFT@c20070904 |
| 905 | @a213230@dA73@ea2@f1 | |
| 列宁论苏维埃俄国社会主义经济建设.-北京,1979 |
| 294;20cm |
| ISBN :0.65 |
| ● |
| 相关链接 |
|
|
|
|
正题名:列宁论苏维埃俄国社会主义经济建设
索取号:A73/a2
 
预约/预借
| 序号 | 登录号 | 条形码 | 馆藏地/架位号 | 状态 | 备注 |
| 1 | 7500113 | 275001132 | 史法系资料室/ [索取号:A73/a2] | 在馆 |